Responses for show #6918 - Wednesday, October 15, 2014

Contestants

[<< previous game]

Regina Cabrera, a nonprofit communications director from Monrovia, California

John Campbell, a romance novelist from Weymouth, Massachusetts

Shane Curtis, an assistant professor from Lansing, Kansas (whose 3-day cash winnings total $42,001)

[next game >>]

Jeopardy! Round responses

DECADES OF ASIAN HISTORY
WHICH SANDWICH?
SURROUNDED BY WATER
TV GUIDE SAYS
(Alex: You identify the show for us.)
NO RUSH
JUST "MBLE" ALONG
    $200 24
(Alex: You are right, with less than a minute to go.)

the 1990s

John
    $200 1
bananas

John
    $200 2
the Arctic Ocean

John
    $200 16
Hawaii Five-0

Triple Stumper
    $200 19
Rush Limbaugh

Shane
    $200 7
grumble

Shane
    $400 25
the 1980s

Shane
    $400 12
an egg

Shane
    $400 3
the Suez Canal

John
    $400 17
Mike & Molly

Regina
    $400 20
(Regina: What are rush lands?)

wetlands

ShaneRegina
    $400 8
thimble

Regina
    $600 26
the 1940s

John
    $600 13
a club sandwich

Regina
    $600 4
Padre Island

Shane
    $600 18
Elementary

John
    $600 21
(Regina: What are fraternities?)

freshmen

ShaneRegina
    $600 9
a rumble

Shane
    $800 27
the 1970s

Triple Stumper
    $800 14
sauerkraut

Shane
    $800 5
(Regina: What is Crete?)

the Peloponnesus

JohnRegina
    $800 29
Agents of S.H.I.E.L.D.

Regina
    $800 22
(Regina: What is the MacKenzie?)

the Klondike River

Regina
Triple Stumper
    $800 10
(James) Gamble

Shane
    $1000 28
the 1960s

Shane
    $1000 15
the French dip

Regina
    $1000 6
(Regina: What is Brunei?)
(Shane: What is United Arab Emirates?

Bahrain

ShaneJohnRegina
    $1000 30
Grimm

John
    $1000 23
(John: What is the Army of the Potomac?)

the Continental Army

ShaneJohn
    $1000 11
ensemble

Shane

Scores at the first commercial break (after clue 15):

Shane John Regina
$3,400 $2,600 $200

Scores at the end of the Jeopardy! Round:

Shane John Regina
$7,000 $4,000 -$400

Double Jeopardy! Round responses

WHEN IN ROME...
HEALTH & MEDICINE
THE NATIONAL RECORDING REGISTRY
PULITZER PRIZE DRAMA WINNERS
NICKNAMES
THE SOUND OF MONEY
(Alex: And each correct response will sound like "money".)
    $400 16
the Coliseum

John
    $400 21
glucose

John
    $400 11
(John: Who is Gershwin?)
(Alex: Be more specific.)

George Gershwin

John
    $400 1
cancer

Shane
    $400 25
"Profile"

Shane
    $400 2
funny

Triple Stumper
    $800 17
Vatican City

John
    $800 22
(Regina: What is the limbic system?)

the lymphatic system

JohnRegina
    $800 12
"You Are My Sunshine"

John
    $800 5
Harvey

Regina
    $800 27
"Bluetooth"

Regina
    $800 3
bunny

Regina
    $1200 18
Circus Maximus

Shane
    $1,600 23
(John: What is lock-in?)

autism

John
    $1200 13
"Hallelujah"

John
    $1200 6
(Edith) Wharton

John
    $2,000 28
General (Antonio López de) Santa Anna

Regina
    $1200 4
honey

John
    $1600 19
the Trevi Fountain

Shane
    $1600 24
a cochlear implant

John
    $1600 14
the Sugarhill Gang

John
    $1600 9
Crimes of the Heart

Regina
    $1600 29
"Sure Shot"

Shane
    $1600 7
Sonny

John
    $2000 20
the Esquiline Hill

Triple Stumper
    $2000 26
(Alex: That's right, with a minute left.)

histamine

John
    $2000 15
[Applause for John's run of the category.]

Vince Guaraldi

John
    $2000 10
Look Homeward, Angel

Triple Stumper
    $2000 30
"Old Fuss and Feathers"

John
    $2000 8
gunny

Triple Stumper

Scores at the end of the Double Jeopardy! Round:

Shane John Regina
$12,200 $20,400 $4,800

[wagering suggestions for these scores]

Final Jeopardy! Round responses

WORDPLAY
ReginaWhat
$0
ShaneWhat is upheaval?
$12,200
JohnWhat control
$4,000
backlash (from "backslash")

Final scores:

Shane John Regina
$0 $16,400 $4,800
3rd place: $1,000 New champion: $16,400 2nd place: $2,000

Game dynamics:

Coryat scores:

Shane John Regina
$12,200 $22,000 $4,000
18 R,
1 W
24 R
(including 1 DD),
2 W
(including 1 DD)
10 R
(including 1 DD),
6 W

Combined Coryat: $38,200

The J! Archive is created by fans, for fans. The Jeopardy! game show and all elements thereof, including but not limited to copyright and trademark thereto, are the property of Jeopardy Productions, Inc. and are protected under law. This website is not affiliated with, sponsored by, or operated by Jeopardy Productions, Inc. Join the discussion at JBoard.tv.